000
00299nam a22001097a 4500
082
_a
923.1 HIS'K
100
_a
KIRMANI, MIR HUSSAIN ALI KHAN
_9
78904
245
_a
HISTORY OF TIPU SULTAN BEING A TRANSLATION OF THE NISHAN-E-HAIDARI
260
_a
LAHORE
_b
ISLAMIC
_c
1974
300
_a
198P
942
_c
BK
999
_c
583968
_d
583968